| 000 | 00689nam a2200217Ia 4500 | ||
|---|---|---|---|
| 001 | 13178 | ||
| 003 | GE_BSU | ||
| 008 | 181216s||||||||xx |||||||||||||| ||und|| | ||
| 040 | _cGE_BSU | ||
| 080 | _a631.4 | ||
| 100 | _aЩербаков, А.П. | ||
| 245 | _aПлодородие почв круговорот баланс питательных веществ | ||
| 245 | _cРед.А.С.Максимова | ||
| 260 | _aМосква | ||
| 260 | _bКолос | ||
| 260 | _c1983 | ||
| 300 | _a190стр.20см. | ||
| 300 | _cБиблиогр.с.186-188 | ||
| 653 | _aПлодородие почв круговорот баланс питательных веществ | ||
| 942 | _cBK | ||
| 999 |
_c46342 _d46342 |
||